Wszystkie kluby piłkarskie w historii 2 Ligi - Statystyki

Ogólne statystyki
  • Ten quiz został rozwiązany 122 razy
  • Średni wynik to 25 z 62
Statystyki odpowiedzi
Aktualna Liga Kluby % Poprawnych
1 Liga Ruch Chorzów
67%
Ekstraklasa Motor Lublin
65%
Ekstraklasa Raków Częstochowa
65%
1 Liga Stal Rzeszów
65%
Ekstraklasa GKS Katowice
63%
2 Liga Resovia Rzeszów
63%
1 Liga Warta Poznań
63%
1 Liga Polonia Warszawa
62%
Ekstraklasa Widzew Łódź
62%
1 Liga ŁKS Łódź
60%
Ekstraklasa Stal Mielec
59%
1 Liga GKS Tychy
58%
Ekstraklasa Puszcza Niepołomice
56%
2 Liga Polonia Bytom
54%
Ekstraklasa Radomiak Radom
53%
2 Liga Wieczysta Kraków
53%
2 Liga Zagłębie Sosnowiec
52%
1 Liga Stal Stalowa Wola
51%
3 Liga Stomil Olsztyn
51%
2 Liga Olimpia Elbląg
49%
2 Liga Podbeskidzie Bielsko-Biała
49%
3 Liga Sandecja Nowy Sącz
49%
1 Liga Kotwica Kołobrzeg
48%
1 Liga Odra Opole
48%
2 Liga Hutnik Kraków
47%
2 Liga Olimpia Grudziądz
47%
1 Liga Pogoń Siedlce
46%
1 Liga Górnik Łęczna
45%
1 Liga Znicz Pruszków
45%
2 Liga GKS Jastrzębie
44%
2 Liga Chojniczanka Chojnice
43%
3 Liga Elana Toruń
43%
2 Liga Skra Częstochowa
42%
3 Liga GKS Bełchatów
41%
2 Liga KKS Kalisz
41%
3 liga Wigry Suwałki
38%
3 Liga Garbarnia Kraków
36%
2 Liga Pogoń Grodzisk Mazowiecki
36%
4 Liga lub Niżej Wisła Puławy
36%
3 Liga Siarka Tarnobrzeg
35%
2 Liga Rekord Bielsko-Biała
33%
3 Liga Błękitni Stargard
31%
2 Liga Świt Szczecin
31%
3 Liga Górnik Polkowice
29%
4 Liga lub Niżej Radunia Stężyca
25%
4 Liga lub Niżej Bytovia Bytów
24%
4 Liga lub Niżej Gryf Wejherowo
23%
2 Liga Zagłębie Lubin II
23%
4 Liga lub Niżej Gwardia Koszalin
22%
2 Liga Lech Poznań II
22%
4 Liga lub Niżej Legionovia Legionowo
21%
2 Liga ŁKS Łódź II
20%
3 Liga MKS Kluczbork
20%
4 Liga lub Niżej Górnik Wałbrzych
19%
3 liga Śląsk Wrocław II
19%
4 Liga lub Niżej Olimpia Zambrów
18%
4 Liga lub Niżej Sokół Ostróda
15%
4 Liga lub Niżej Rozwój Katowice
14%
4 Liga lub Niżej Limanovia Limanowa
12%
4 Liga lub Niżej Nadwiślan Góra
10%
4 Liga lub Niżej Okocimski KS Brzesko
4%
4 Liga lub Niżej ROW Rybnik 1964
1%
Nie znaleziono quizów pasujących do podanych kryteriów
Rozkład punktacji
Procent ludzi z każdym wynikiem
Percentyl według liczby udzielonych odpowiedzi
Twoja historia wyników
Nie rozwiązałeś tego quizu